La réponse contient un double B - Statistiques

Statistiques générales
  • Ce quiz a été pris 89 fois
  • Le résultat moyen est 10 sur 20
Statistiques - réponses
Indices Réponses % Correct
Groupe de musique suédois, vainqueur de l'Eurovision en 1974 avec le titre "Waterloo" ABBA
97%
Au football, action de se déplacer avec le ballon tout en évitant que les joueurs adverses ne s'en emparent Dribble
92%
Se dit d'une année durant laquelle un salarié suspend son activité professionnelle pour convenance personnelle sans rémunération Sabbatique
86%
Jeu de société où des mots et lettres peuvent compter triple Scrabble
81%
Race à laquelle appartiennent Frodon, Sam, Merry et Pippin dans "Le Seigneur des Anneaux" Hobbit
77%
Homme d'Église placé à la direction d'une abbaye Abbé
74%
Activité de loisir pratiquée régulièrement pour le plaisir Hobbie
67%
Chef religieux, guide spirituel et érudit du judaïsme Rabbin
67%
Le champion du monde d'échecs Robert James Fischer, vainqueur du "match du siècle" en 1972, est plus connu sous ce prénom qui est une sorte de diminutif de Robert Bobby
55%
Groupe d'influence cherchant à promouvoir et défendre ses intérêts sur des personnes ou institutions détentrices de pouvoir Lobby
49%
Septième jour de la semaine juive Shabbat
45%
Pokémon crabe de la première génération, évoluant en un autre Pokémon crabe Krabby
41%
Personne fréquentant régulièrement les boîtes de nuits Clubbeur
29%
Petit singe asiatique dépourvu de queue Gibbon
27%
Tigre en peluche, comparse de Calvin, dans une bande dessinée américaine portant leurs noms Hobbes
27%
Film de 1997 avec Robin Williams inventant une substance verte dotée d'une volonté et capable de rebondir sans s'arrêter Flubber
21%
Entreprise de fiction de pêche à la crevette dans "Forrest Gump", devenue à présent une vraie chaîne de restaurant Bubba Gump
15%
Tradition ésotérique du judaïsme, traditionnellement présentée comme la "Loi orale et secrète" Kabbale
5%
Entreprise pharmaceutique américaine fondée en 1888 à Chicago Abbott
4%
Ville du Texas où est né l'acteur Chace Crawford, célèbre pour ses rôles de Nate dans "Gossip Girl" et de l'Homme-Poisson dans "The Boys" Lubbock
4%
Aucun quiz correspondant
Distribution des résultats
% des personnes avec chaque résultat
Percentile par nombre de réponses
Votre historique - résultats
Vous n’avez pas pris ce quiz